LEADER 01676nam0 2200397 i 450 001 SUN0125692 005 20200330011800.757 010 $d0.00 017 70$2N$a9789811060830 100 $a20191202d2018 |0engc50 ba 101 $aeng 102 $aSG 105 $a|||| ||||| 200 1 $a*Polymer Gels$eSynthesis and Characterization$fVijay Kumar Thakur, Manju Kumari Thakur editors 205 $aSingapore : Springer, 2018 210 $aX$d405 p.$cill. ; 24 cm 215 $aPubblicazione in formato elettronico 410 1$1001SUN0125687$12001 $a*Gels Horizons: From Science to Smart Materials$1210 $aSingapore$cSpringer. 620 $aSG$dSingapore$3SUNL000061 676 $a540$cChimica generale$v22 676 $a615.19$cChimica farmaceutica. Tecnologia farmaceutica$v22 676 $a620.192$cPolimeri$v22 676 $a610.28$cIngegneria biomedica$v22 702 1$aThakur$b, Vijay K.$3SUNV096163 702 1$aThakur$b, Manju K.$3SUNV096164 712 $aSpringer$3SUNV000178$4650 790 1$aThakur, Vijay Kumar$zThakur, Vijay K.$3SUNV100170 790 1$aThakur, V. K.$zThakur, Vijay K.$3SUNV103650 790 1$aThakur, Manju Kumari$zThakur, Manju K.$3SUNV100171 790 1$aThakur, M. K.$zThakur, Manju K.$3SUNV103648 801 $aIT$bSOL$c20200921$gRICA 856 4 $uhttps://link.springer.com/book/10.1007%2F978-981-10-6083-0#toc 912 $aSUN0125692 950 $aUFFICIO DI BIBLIOTECA DEL DIPARTIMENTO DI SCIENZE E TECNOLOGIE AMBIENTALI BIOLOGICHE E FARMACEUTICHE$d17CONS e-book 2112 $e17BIB2112 256 20191202 996 $aPolymer Gels$91568112 997 $aUNICAMPANIA LEADER 03178nam 2200625Ia 450 001 9910144142403321 005 20230721032631.0 010 $a1-281-32007-2 010 $a9786611320072 010 $a0-470-98805-3 010 $a0-470-98806-1 035 $a(CKB)1000000000536041 035 $a(EBL)351642 035 $a(OCoLC)476173117 035 $a(SSID)ssj0000266143 035 $a(PQKBManifestationID)11210260 035 $a(PQKBTitleCode)TC0000266143 035 $a(PQKBWorkID)10300968 035 $a(PQKB)10457555 035 $a(MiAaPQ)EBC351642 035 $a(Au-PeEL)EBL351642 035 $a(CaPaEBR)ebr10236558 035 $a(CaONFJC)MIL132007 035 $a(EXLCZ)991000000000536041 100 $a20071029d2008 uy 0 101 0 $aeng 135 $aur|n|---||||| 181 $ctxt 182 $cc 183 $acr 200 10$aUsing insulin pumps in diabetes$b[electronic resource] $ea guide for nurses and other health professionals /$fJill Rodgers 210 $aChichester, England ;$aHoboken, NJ $cJohn Wiley$dc2008 215 $a1 online resource (223 p.) 300 $aDescription based upon print version of record. 311 $a0-470-05925-7 320 $aIncludes bibliographical references and index. 327 $aUsing Insulin Pumps in Diabetes; Contents; Foreword; Preface; Acknowledgements; 1 An Introduction to Insulin Pump Therapy; 2 The Advantages and Disadvantages of Insulin Pump Therapy; 3 The Experiences of Insulin Pump Users; 4 Insulin Pumps and Infusion Sets; 5 Setting up an Insulin Pump Service; 6 Assessing Suitability to Use an Insulin Pump; 7 Matching Insulin Doses to Carbohydrate Intake; 8 Using an Empowerment Approach to Insulin Pump Therapy Education; 9 Initiating Insulin Pump Therapy; 10 Setting and Adjusting Insulin Doses; 11 Optimising Glycaemic Control 327 $a12 The Day-to-day Management of Insulin Pump Therapy13 Insulin Pumps in Babies, Children and Teenagers; 14 Insulin Pumps in Pregnancy; 15 Situations Requiring Complex Management; Appendix: Additional Sources of Information; Index 330 $aInsulin pump therapy is now a well-established option for treating diabetes. This method of insulin delivery offers the opportunity for people with diabetes to manage their diabetes confidently and competently to achieve good glycaemic control and a better quality of life. Using Insulin Pumps in Diabetes covers all aspects of insulin pump therapy in a clear and informative style, and is an essential guide for all health professionals involved in caring for people with diabetes using insulin pumps. Using Insulin Pumps in Diabetes explores issues such as the advantages and dis 606 $aInsulin pumps 606 $aDiabetes$xTreatment 606 $aDiabetes$xNursing 615 0$aInsulin pumps. 615 0$aDiabetes$xTreatment. 615 0$aDiabetes$xNursing. 676 $a616.4/620231 676 $a616.46206 700 $aRodgers$b Jill$0890877 801 0$bMiAaPQ 801 1$bMiAaPQ 801 2$bMiAaPQ 906 $aBOOK 912 $a9910144142403321 996 $aUsing insulin pumps in diabetes$91990013 997 $aUNINA LEADER 04113nam 2200673 450 001 9910807754403321 005 20230807212556.0 010 $a0-8032-7422-X 010 $a0-8032-7424-6 035 $a(CKB)3710000000337319 035 $a(EBL)1920599 035 $a(SSID)ssj0001422915 035 $a(PQKBManifestationID)11801963 035 $a(PQKBTitleCode)TC0001422915 035 $a(PQKBWorkID)11432968 035 $a(PQKB)11233371 035 $a(MiAaPQ)EBC1920599 035 $a(OCoLC)900277008 035 $a(MdBmJHUP)muse42508 035 $a(Au-PeEL)EBL1920599 035 $a(CaPaEBR)ebr11006849 035 $a(OCoLC)923710228 035 $a(EXLCZ)993710000000337319 100 $a20150126h20152015 uy 0 101 0 $aeng 135 $aur|n|---||||| 181 $ctxt 182 $cc 183 $acr 200 14$aThe Southern exodus to Mexico $emigration across the borderlands after the American Civil War /$fTodd W Wahlstrom 210 1$aLincoln, [Nebraska] ;$aLondon, [England] :$cUniversity of Nebraska Press,$d2015. 210 4$dİ2015 215 $a1 online resource (389 p.) 225 1 $aBorderlands and Transcultural Studies 300 $aDescription based upon print version of record. 311 $a0-8032-4634-X 320 $aIncludes bibliographical references and index. 327 $aMigration across the borderlands after the American Civil War -- White and black Southerners migrate to Mexico after the American Civil War -- Southern colonization and the Texas-Coahuila borderlands -- Southern colonization and the fall of the Mexican Empire, 1866-67 -- Southern colonization, railroads, and U.S. and Mexican modernization. 330 $a"After the Civil War, a handful of former Confederate leaders joined forces with the Mexican emperor Maximilian von Hapsburg to colonize Mexico with former American slaveholders. Their plan was to develop commercial agriculture in the Mexican state of Coahuila under the guidance of former slaveholders with former slaves providing the bulk of the labor force. By developing these new centers of agricultural production and commercial exchange, the Mexican government hoped to open up new markets and, by extending the few already-existing railroads in the region, also spur further development. The Southern Exodus to Mexico considers the experiences of both white southern elites and common white and black southern farmers and laborers who moved to Mexico during this period. Todd W. Wahlstrom examines in particular how the endemic warfare, raids, and violence along the borderlands of Texas and Coahuila affected the colonization effort. Ultimately, Native groups such as the Comanches, Kiowas, Apaches, and Kickapoos, along with local Mexicans, prevented southern colonies from taking hold in the region, where local tradition and careful balances of power negotiated over centuries held more sway than large nationalistic or economic forces. This study of the transcultural tensions and conflicts in this region provides new perspectives for the historical assessment of this period of Mexican and American history"--$cProvided by publisher. 410 0$aBorderlands and transcultural studies. 606 $aAmericans$zMexico$xHistory$y19th century 606 $aAmerican Confederate voluntary exiles$zMexico$xHistory$y19th century 606 $aWhite people$zSouthern States$xAttitudes$xHistory$y19th century 607 $aUnited States$xHistory$yCivil War, 1861-1865$xRefugees 607 $aSouthern States$xEmigration and immigration$xHistory$y19th century 607 $aCoahuila (Mexico : State)$xHistory$y19th century 615 0$aAmericans$xHistory 615 0$aAmerican Confederate voluntary exiles$xHistory 615 0$aWhite people$xAttitudes$xHistory 676 $a972/.07 686 $aHIS036050$aHIS025000$aSOC001000$2bisacsh 700 $aWahlstrom$b Todd W.$01663041 801 0$bMiAaPQ 801 1$bMiAaPQ 801 2$bMiAaPQ 906 $aBOOK 912 $a9910807754403321 996 $aThe Southern exodus to Mexico$94020070 997 $aUNINA